01089nas a2200325 4500001001300000003000900013005001700022007000300039008003400042040005400076041000900130072000800139100002300147100002600170100002600196100001800222100002100240245008400261650001100345650000900356650002100365650001600386650002000402650001600422773009300438909004000531942001800571999001900589952015500608BR2015001308BR-BrBNA20231205125136.0ta230509b bl.|||p| |||| 00| 00por d aBR-BrBNAbporcBiblioteca Nacional de Agricultura a(En) aF021 aSantos, M.R.A. dos1 aFerreira, M, das G.R.1 aOliveira, C.L.L.G. de1 aRamalho, A.R.1 aEpíndula, M.C.1 aVegetative vigor conilon coffee and its potential for in vitro callus induction aCAFÉ aCALO aCULTURA IN VITRO aINDUÇÃO aVIGOR HÍBRIDO aCRESCIMENTO0 tCoffee Science (Brazil)xISSN 1809-6875g(Oct-Dec 2013), v. 8(4) p.432-438wBR2015001308 a202311bLúciac55dLúcia Elande 2AGRISn0cANA c242868d242868 002AGRIS4071a41918b41918cPeriódicos Agrícolash(Oct-Dec 2013), v. 8(4) p.432-438l0r2023-11-29t01yCRePortaria Interministerial nº 164/94